Normal view MARC view

Entry Términos de género/forma

Number of records used in: 4

001 - NÚMERO DE CONTROL

  • campo de control: 6238

003 - IDENTIFICADOR DE NÚMERO DE CONTROL

  • campo de control: Biblioxarxa

005 - FECHA Y HORA DE LA ÚLTIMA TRANSACCIÓN

  • campo de control: 20251119201636.0

008 - ELEMENTOS DE DATO DE LONGITUD-FIJA

  • campo de control de longitud fija: 251119|| aca||aabn | a|a d

040 ## - FUENTE DE CATALOGACIÓN

  • Centro catalogador/agencia de origen: Biblioxarxa
  • Centro/agencia transcriptor: Biblioxarxa

155 ## - ENCABEZAMIENTO--TÉRMINO DE GÉNERO/FORMA

  • Término de género/forma: Cómics de animales humanizados

670 ## - FUENTE DE DATOS ENCONTRADOS

  • Cita de la fuente: Work cat.: (Biblioxarxa)4700: Pilkey, Dav 1966- art aut 1977, L'Home gos